Attosecond metrology of vacuum-ultraviolet high-order harmonics generated in semiconductors via laser-dressed photoionization of alkali metals

Elmentve itt :
Bibliográfiai részletek
Szerzők: Nayak Arjun
Rajak Debobrata
Farkas Balázs
Granados Camilio
Stammer Philipp
Rivera-Dean Javier
Lamprou Theocharis
Varjú Katalin
Mairesse Yann
Ciappina Marcelo F.
Lewenstein Maciej
Tzallas Paraskevas
Dokumentumtípus: Cikk
Megjelent: 2025
Sorozat:NATURE COMMUNICATIONS 16 No. 1
Tárgyszavak:
doi:10.1038/s41467-025-56759-0

mtmt:35756079
Online Access:http://publicatio.bibl.u-szeged.hu/39533
LEADER 01182nab a2200337 i 4500
001 publ39533
005 20260227140913.0
008 260227s2025 hu o 000 eng d
022 |a 2041-1723 
024 7 |a 10.1038/s41467-025-56759-0  |2 doi 
024 7 |a 35756079  |2 mtmt 
040 |a SZTE Publicatio Repozitórium  |b hun 
041 |a eng 
100 1 |a Nayak Arjun 
245 1 0 |a Attosecond metrology of vacuum-ultraviolet high-order harmonics generated in semiconductors via laser-dressed photoionization of alkali metals  |h [elektronikus dokumentum] /  |c  Nayak Arjun 
260 |c 2025 
300 |a 8 
490 0 |a NATURE COMMUNICATIONS  |v 16 No. 1 
650 4 |a Fizikai tudományok 
700 0 1 |a Rajak Debobrata  |e aut 
700 0 1 |a Farkas Balázs  |e aut 
700 0 1 |a Granados Camilio  |e aut 
700 0 1 |a Stammer Philipp  |e aut 
700 0 2 |a Rivera-Dean Javier  |e aut 
700 0 2 |a Lamprou Theocharis  |e aut 
700 0 2 |a Varjú Katalin  |e aut 
700 0 2 |a Mairesse Yann  |e aut 
700 0 2 |a Ciappina Marcelo F.  |e aut 
700 0 2 |a Lewenstein Maciej  |e aut 
700 0 2 |a Tzallas Paraskevas  |e aut 
856 4 0 |u http://publicatio.bibl.u-szeged.hu/39533/1/s41467-025-56759-0.pdf  |z Dokumentum-elérés